Mäso v diétnom stravovaní

Bibliographic Details
Main Author: Béderová, Alžbeta (Author)
Format: Article
Language:Slovak
PhysicalDescription:Fotogr.
Subjects:

MARC

LEADER 00000nab a2200000 a 4500
001 vtls008703056
003 SK-MaSNL
005 20260304175244.0
008 250505c2005 xo |||| | | 000 b|slo
015 |a SNBRB2006/05  |2 snkbucl 
035 |a (sysno)vtls008703056 
035 |a urn:nbn:sk:snk-ab6vgr 
035 |a (uuid)9cb981b2-6f7a-4b10-abb0-db54571076ba 
035 |a (urnnbn)urn:nbn:sk:snk:ar-a060rf 
038 |a SNKBUCL 
040 |a SNKBUCL  |b slo  |c SNKBUCL  |e AACR2 
041 0 |a slo 
044 |a xo  |c SK 
080 |a 613.2.038  |2 1997 
080 |a 613.28  |2 1997 
080 |a 613.281  |2 1997 
080 |a 612.39  |2 1997 
100 1 |a Béderová, Alžbeta  |4 aut  |9 196223 
245 1 0 |a Mäso v diétnom stravovaní  |c A. Béderová 
300 |b Fotogr. 
650 0 7 |a mäso  |2 snkbucl  |9 18169 
650 0 7 |a mäsové výrobky  |2 snkbucl  |9 69141 
650 0 7 |a diétne stravovanie  |2 snkbucl  |9 86592 
650 0 7 |a dietoterapia  |2 snkbucl  |9 22112 
650 0 7 |a výživa  |2 snkbucl  |9 2615 
650 0 7 |a diétna strava  |2 snkbucl  |9 476202 
655 7 |a prehľady  |2 snkbucl  |9 70194 
773 0 |t Výživa a zdravie  |g Roč. 49, č. 4 (2005), s. 8 
850 |a Slovenská národná knižnica 
852 |a Slovenská národná knižnica 
954 |a odborná, vedecká literatúra pôvodná (slovenská)  |2 lita 
958 |a article27 
958 |a MI 
958 |a OND 
958 |a EUIPO 
999 |c 3012730  |d 3014660